• 首页
  • 本馆介绍
  • 公告通知
  • 最新文献
  • 馆藏检索
  • 电子资源
  • 读者导购
  • 参考咨询
  • 我的图书馆
  • 登录
  • 详细信息显示
  • 放入我的书架
  • 预约/预借图书
  • 作者相关作品
  • 分类相关作品
  • 丛书相关作品
  • 出版社相关作品

书目信息

  • 表格格式
  • 工作单格式
  • 卡片格式
题名:
伦理学经典文选(第11版)
    
 
作者: 丹尼特 , 怀特 , 彼德弗伦德 编
分册:  
出版信息:   北京大学出版社  2006.04
页数: 376页
开本: 16开
丛书名: 培文书系 社会科学系列
单 册:
中图分类: B82-53
科图分类:
主题词:
电子资源:
ISBN: 7-301-10338-7
000 01691oam2 2200265 450
001 1555212918
005 20150127093916.20
010    @a7-301-10338-7@dCNY38
100    @a20070104d2006 em y0chiy0110 ea
101 0  @achi
102    @aCN@b110000
105    @ay z 000yy
200 1  @a伦理学经典文选(第11版)@9Lun Li Xue Jing Dian Wen Xuan(di 11 Ban)@f(美)丹尼特,怀特,彼德弗伦德编
210    @c北京大学出版社@d2006.04
215    @a376页@d16开
225 2  @a培文书系 社会科学系列@9Pei Wen Shu Xi She Hui Ke Xue Xi Lie
327 0  @a第一编 古典伦理学@a第一章 导论@a第二章 柏拉图知识与美德@a第三章 亚里士多德道德品质@a第四章 伊壁鸠鲁快乐生活@a第五章 爱比克泰德 自律@a第六章 圣·奥古斯丁上帝之爱@a第七章 圣·阿奎那道德与自然法@a第八章 托马斯·霍布斯社会契约伦理@a第九章 本尼迪克特·德·斯宾诺莎 自然与理性@a第十章 约瑟夫·巴特勒道德良心@a第十一章 大卫·休谟道德与情感@a第十二章 伊曼努尔·康德义务与理性@a第十三章 约翰·施特劳斯·密尔最大幸福原则@a第二编 现代伦理学@a第十四章 索伦·克尔凯郭尔
330    @a《伦理学经典文选》是西方伦理学著名读本之一,全书分为“古典伦理学”和“现代伦理学”两部分,共摘引包括柏拉图、康德、马克思和罗尔斯等在内的28位思想家关于伦理学方面的论著,时间跨度近2500年。 即使您并不熟悉伦理学的理论,丹尼斯、怀特和彼德弗伦德三位精心选编的这本经典读本,也可以使您在古往今来伦理学的伟大著作中探索该学科中最基本、最重要的问题。 每一章的人物小传、历史和理论背景介绍、精彩评论以及恰如其分的原著节选都将帮助您在思想之路上远航。
461  0 @12001 @a培文书系 社会科学系列
690    @aB82-53@v4
701  0 @a丹尼特@9Dan Ni Te@4编
701  0 @a怀特@9Huai Te@4编
701  0 @a彼德弗伦德@9Bi De Fu Lun De@4编
801  0 @aCN@bTSSF@c20150127
905    @aZUCC@dB82-53@eJY129
    
    伦理学经典文选(第11版)/(美)丹尼特,怀特,彼德弗伦德编.-北京大学出版社,2006.04
    376页;16开.-(培文书系 社会科学系列)
    
    部分内容:第一编 古典伦理学;第一章 导论;第二章 柏拉图知识与美德;第三章 亚里士多德道德品质;第四章 伊壁鸠鲁快乐生活;第五章 爱比克泰德 自律;第六章 圣·奥古斯丁上帝之爱;第七章 圣·阿奎那道德与自然法;第八章 托马斯·霍布斯社会契约伦理;第九章 本尼迪克特·德·斯宾诺莎 自然与理性;第十章 约瑟夫·巴特勒道德良心;第十一章 大卫·休谟道德与情感;第十二章 伊曼努尔·康德义务与理性;第十三章 约翰·施特劳斯·密尔最大幸福原则;第二编 现代伦理学;第十四章 索伦·克尔凯郭尔
    ISBN 7-301-10338-7:CNY38
    《伦理学经典文选》是西方伦理学著名读本之一,全书分为“古典伦理学”和“现代伦理学”两部分,共摘引包括柏拉图、康德、马克思和罗尔斯等在内的28位思想家关于伦理学方面的论著,时间跨度近2500年。 即使您并不熟悉伦理学的理论,丹尼斯、怀特和彼德弗伦德三位精心选编的这本经典读本,也可以使您在古往今来伦理学的伟大著作中探索该学科中最基本、最重要的问题。 每一章的人物小传、历史和理论背景介绍、精彩评论以及恰如其分的原著节选都将帮助您在思想之路上远航。
●
相关链接 在E读中查询图书 在五车中查询图书 在当当中查询图书 在豆瓣中查询图书


正题名:伦理学经典文选(第11版)     索取号:B82-53/JY129         预约/预借

序号 登录号 条形码 馆藏地/架位号 状态 备注
1 7851450   278514500   学院路分馆/ [索取号:B82-53/JY129] 在馆    
唐山师范学院图书馆 欢迎您!
大连网信软件有限公司© 版权所有